000 01353nam a2200337 4500
001 0000019177
003 CO-CtgCURN
005 20250528131641.0
007 ta
008 160627s2002 000 0 eng d
020 _a8445807498
040 _aCO-CtgCURN
_bspa
_ccoctgcurn
082 0 _a617.7
_bE77t
100 1 _aEstape Sallent, María angels.
245 1 0 _aTécnicas de ayuda odontológica estomatológica /
_cMaría Angels Estape Sallent , Caterina Casado Latorre, María Angeles Chavarria Lorente.
260 _aBarcelona :
_bMasson,
_c2002.
300 _a110 p.
336 _2rdacontent
337 _2rdamedia
_asin mediacion
_bn
338 _2rdacarrier
_avolumen
_bnc
504 _aBibliografia (p. 111)
505 8 _aOrganizacion de la clinica dental.--Aparato masticador.--Instrumental de odontoestomatología.--Materiales dentales.--Radiografias dentales.--Asistencia al odontologo.--Asistencia al paciente
650 1 4 _aFarmacología odontologica.
700 1 _aEstape Sallent, María angels.
908 _a160627
942 _cBK
_h617.7
_iE77t
_2ddc
_n0
999 _c23491
_d23491